<?xml version="1.0" encoding="UTF-8"?>
<record
    xmlns:xsi="http://www.w3.org/2001/XMLSchema-instance"
    xsi:schemaLocation="http://www.loc.gov/MARC21/slim http://www.loc.gov/standards/marcxml/schema/MARC21slim.xsd"
    xmlns="http://www.loc.gov/MARC21/slim">

  <leader>00702nam a2200181Ia 4500</leader>
  <datafield tag="952" ind1=" " ind2=" ">
    <subfield code="0">0</subfield>
    <subfield code="1">0</subfield>
    <subfield code="4">0</subfield>
    <subfield code="7">0</subfield>
    <subfield code="a">11</subfield>
    <subfield code="b">11</subfield>
    <subfield code="d">2007-01-08</subfield>
    <subfield code="l">1</subfield>
    <subfield code="o">LB475.B33 E7318</subfield>
    <subfield code="p">11 000152</subfield>
    <subfield code="r">2014-10-30</subfield>
    <subfield code="s">2014-10-29</subfield>
    <subfield code="t">1</subfield>
    <subfield code="w">2012-06-26</subfield>
    <subfield code="y">LB</subfield>
  </datafield>
  <datafield tag="999" ind1=" " ind2=" ">
    <subfield code="c">68308</subfield>
    <subfield code="d">68308</subfield>
  </datafield>
  <controlfield tag="008">120626s1986    mx            000 0 spa d</controlfield>
  <datafield tag="020" ind1=" " ind2=" ">
    <subfield code="a">9688376078</subfield>
  </datafield>
  <datafield tag="050" ind1=" " ind2=" ">
    <subfield code="a">LB475.B33 </subfield>
    <subfield code="b">E7318 </subfield>
  </datafield>
  <datafield tag="100" ind1=" " ind2=" ">
    <subfield code="a">Bac&#xF3;n, Francis</subfield>
    <subfield code="d">1561-1626</subfield>
    <subfield code="e">autor</subfield>
  </datafield>
  <datafield tag="245" ind1=" " ind2=" ">
    <subfield code="a">Escritos pedag&#xF3;gicos </subfield>
    <subfield code="c">/ Francis Bacon ; pr&#xF3;logo selec., tr. y notas de Graciela Hierro</subfield>
  </datafield>
  <datafield tag="260" ind1=" " ind2=" ">
    <subfield code="a">M&#xE9;xico </subfield>
    <subfield code="b">: UNAM, Facultad de Filosof&#xED;a y Letras</subfield>
    <subfield code="c">, 1986</subfield>
  </datafield>
  <datafield tag="300" ind1=" " ind2=" ">
    <subfield code="a">168 p&#xE1;ginas</subfield>
  </datafield>
  <datafield tag="490" ind1=" " ind2=" ">
    <subfield code="a">Biblioteca pedagogica. serie universal</subfield>
  </datafield>
  <datafield tag="519" ind1=" " ind2=" ">
    <subfield code="a">Material complementario / </subfield>
    <subfield code="b">Pedagog&#xED;a / </subfield>
    <subfield code="d">(11 000152)</subfield>
  </datafield>
  <datafield tag="650" ind1=" " ind2="0">
    <subfield code="a">EDUCACI&#xD3;N </subfield>
    <subfield code="x">DISCURSOS, ENSAYOS,  CONFERENCIAS  </subfield>
  </datafield>
  <datafield tag="650" ind1=" " ind2="0">
    <subfield code="a">BACON FRANCIS VISCOUNT ST.  ALBANS (1561-1626)</subfield>
  </datafield>
  <datafield tag="942" ind1=" " ind2=" ">
    <subfield code="c">LB</subfield>
  </datafield>
</record>
